<?xml version="1.0" encoding="UTF-8"?>
<collection xmlns="http://www.loc.gov/MARC21/slim">
<record>
  <controlfield tag="001">234670</controlfield>
  <controlfield tag="005">20221001000458.0</controlfield>
  <datafield tag="024" ind1="7" ind2=" ">
    <subfield code="a">EXP:(DE-Ds200)E121-20200803</subfield>
    <subfield code="2">EXP:(Ds200)</subfield>
  </datafield>
  <datafield tag="035" ind1=" " ind2=" ">
    <subfield code="a">EXP:(DE-Ds200)E121-20200803</subfield>
  </datafield>
  <datafield tag="150" ind1=" " ind2=" ">
    <subfield code="a">E121: Measurement of the bound-state beta decay of bare 205Tl ions  (POF3-6211; HFS)</subfield>
  </datafield>
  <datafield tag="371" ind1=" " ind2=" ">
    <subfield code="a">Litvinov, Y.</subfield>
  </datafield>
  <datafield tag="450" ind1=" " ind2=" ">
    <subfield code="a">HFS</subfield>
    <subfield code="0">EXP:(DE-Ds200)HFS-20200803</subfield>
    <subfield code="w">t</subfield>
  </datafield>
  <datafield tag="450" ind1=" " ind2=" ">
    <subfield code="a">E121</subfield>
    <subfield code="w">d</subfield>
  </datafield>
  <datafield tag="750" ind1=" " ind2="7">
    <subfield code="a">Experiment</subfield>
    <subfield code="0">V:(DE-HGF)12</subfield>
    <subfield code="2">V:(DE-HGF)</subfield>
  </datafield>
  <datafield tag="751" ind1=" " ind2="7">
    <subfield code="a">IGN_4_I:(DE-H253)HAS-User-20120731 [DESY]</subfield>
    <subfield code="2">DE-HGF</subfield>
  </datafield>
  <datafield tag="751" ind1=" " ind2="7">
    <subfield code="a">IGN_4_DESY [DESY]</subfield>
    <subfield code="2">DE-HGF</subfield>
  </datafield>
  <datafield tag="751" ind1=" " ind2="7">
    <subfield code="a">IGN_4_DKFZ [DKFZ]</subfield>
    <subfield code="2">DE-HGF</subfield>
  </datafield>
  <datafield tag="751" ind1=" " ind2="7">
    <subfield code="a">IGN_4_IMPULSE</subfield>
    <subfield code="2">DE-HGF</subfield>
  </datafield>
  <datafield tag="751" ind1=" " ind2="7">
    <subfield code="a">IGN_4_DZNE [DZNE]</subfield>
    <subfield code="2">DE-HGF</subfield>
  </datafield>
  <datafield tag="909" ind1="C" ind2="O">
    <subfield code="o">oai:repository.gsi.de:234670</subfield>
    <subfield code="p">authority:Experiment</subfield>
    <subfield code="p">authority</subfield>
  </datafield>
  <datafield tag="980" ind1=" " ind2=" ">
    <subfield code="a">EXPERIMENT</subfield>
  </datafield>
  <datafield tag="980" ind1=" " ind2=" ">
    <subfield code="a">AUTHORITY</subfield>
  </datafield>
</record>
</collection>